Регионална библиотека "Любен Каравелов" - Русе

Начална книжка за черковно чтение (Запис номер 157483)

MARC детайли
000 -Лидер
Контролно поле с фиксирана дължина 01387nam a2200337 c 4500
003 - Код на организацията, давaща контролен номер
Контролно поле BLK
005 - Дата и час на последна редакция
Контролно поле 20180420234357.0
008 - Елементи от данни с фиксирана дължина
fixed length control field 180410b bul|||||r ||||||| ||bul||
010 ## - Наследен системен номер
LC control number KNG00164428000
040 ## - Източник на каталожния запис
Идентификатор на билиотеката - собственик на записа BLK
041 ## - Код за език
Код за езика на текст/звукозапис или на отделно заглавие Български
Код за езика КДБФ Български
072 #7 - Код за тематичната категория
Код организация bullib
Код за тематична категория С
Текст Старопечатен фонд
080 ## - УДК
Текстов определител УДК Практическо богословие. Църковна практика. Аскетична и мистична теология. Религиозна мистика
УДК код - определител по УДК 24
УДК определител
УДК - код + определител 24
139 ## - Редно поле
Редна дума Начална книжка за черковно чтение
Авторски знак Нуш - Н 97
245 10 - Сведения за заглавието
Заглавие Начална книжка за черковно чтение
Подзаглавни данни От Книжарницата на П. Р. Славейкова
250 ## - Област на изданието
Сведения за изданието 2. изд
257 ## - Страна на издаване
Страна на създаване/издаване България
260 ## - Област на издателските данни
-- Цариград
Година на издаване 1869
Печатница Цариград : В печатницата на "Македония"
300 ## - Физическа характеристика
Страници 16 с.
Размери/Мащаб 14 см
380 ## - Жанр
Жанр Религия. Теология
500 ## - Общи забележки
Забележка Поредн. на изд. е взета от БВК, т. 1 Текст с църковнославянски шрифт
650 #4 - Допълнително описание по предмет – тема
Основно описание – тема или топоним Богословие
9 (RLIN) 148879
653 ## - Ключова дума – ненормативна
Ключова дума богослужение
653 ## - Ключова дума – ненормативна
Ключова дума църковни книги
659 ## - Тематичен бюлетин
Тематичен бюлетин С
852 ## - Местоположение
Форматна сигнатура Цб Ст 6970 * 1118
856 4# - Електронен адрес и достъп
Електронен формат pdf - файл
Път до файла /url/
856 4# - Електронен адрес и достъп
Електронен формат pdf - файл
Път до файла /url/
942 ## - АРТИКУЛИ
Вид на библиотечния материал Книги
Скрит в OPAC Не
944 ## - СЪЗДАВАНЕ И РЕДАКЦИЯ на ЗАПИСА
Създаване/Редакция Създаване
Дата на регистрацията/редакция 29.08.2014
Служител, извършил регистрацията/редакцията Христина_Везирева
944 ## - СЪЗДАВАНЕ И РЕДАКЦИЯ на ЗАПИСА
Създаване/Редакция Редакция
Дата на регистрацията/редакция 29.08.2014
Служител, извършил регистрацията/редакцията
999 ## - СИСТЕМНИ КОНТРОЛНИ НОМЕРА
Koha biblionumber 157483
Koha biblioitemnumber 157483
Наличности
Код за отписване Код за изгубен артикул Източник на класификационната схема Код за повреда Коз за рестрикции Код за отдаване Артикулен № Име на библиотеката - собственик Име на библиотеката, в която се намира в момента Статус (Текущо местоположение) Дата на вписване в системата Местоположение - отдел Цена в лева Инвентарен номер Систематично азбучна сигнатура Баркод Номер на екземпляра Цена в евро Служебна бележка Служебен тип на артикула
  Не е изгубен Universal Decimal Classification Не е повреден само за читалня Специални фондове ( старопечатни, редки и ценни, фонд М. Арнаудов) 263810 Регионална библиотека "Любен Каравелов" Русе Регионална библиотека "Любен Каравелов" Русе Старопечатен фонд 1869-01-01 Старопечатен фонд 0.00 436-ст Цб Ст 6970 * 1118 900000000691 1 0.00 Дост: DA Вид: Сф Дата: 01.01.1869 Дата инв: 09.12.2016 Бележки инв: СТ2016 Книги
  Не е изгубен Universal Decimal Classification Не е повреден само за читалня Специални фондове ( старопечатни, редки и ценни, фонд М. Арнаудов) 263811 Регионална библиотека "Любен Каравелов" Русе Регионална библиотека "Любен Каравелов" Русе Старопечатен фонд 1869-01-01 Старопечатен фонд 0.11 14040/58-ст Цб Ст 6970 * 1118 900000000692 2 0.06 Дост: DA Вид: Сф Дата: 01.01.1869 Дата инв: 02.04.2018 Бележки инв: СТ2018 Книги
Vip Innovations Ltd, Rousse, Bulgaria 2025